LEADER 01074nam0-22003011i-450 001 990005383190403321 005 20230328163454.0 035 $a000538319 035 $aFED01000538319 035 $a(Aleph)000538319FED01 035 $a000538319 100 $a19990530f---0---9km-y0itay50------ba 101 0 $aspa 105 $aaf------00--- 200 1 $aExcavaciones en sepulcros megaliticos de Valldosera (Querol, Tarragona), memoria redactada par J. Maluquer de Motes$fP. Giró y J.M. Masachs 210 $as.l.$cMinisterio de Educacion Nacional$ds.d. 215 $a18 p., 8 tav. F.T.$cill.$d25 cm 225 1 $aExcavaciones arqueologicas en Espaòa$v20 700 1$aMaluquer De Motes,$bJuan$0166434 702 1$aGiro',$bPedro 702 1$aMasachs,$bJ.M. 801 0$aIT$bUNINA$gRICA$2UNIMARC 901 $aBK 912 $a990005383190403321 952 $aARCH. PR 148 8$bARCH. 11773$fFLFBC 959 $aFLFBC 996 $aExcavaciones en sepulcros megaliticos de Valldosera (Querol, Tarragona), memoria redactada par J. Maluquer de Motes$9596608 997 $aUNINA LEADER 01136nam0 22002651i 450 001 UON00383372 005 20231205104538.403 010 $a978-88-222-5327-9 100 $a20100720d2004 |0itac50 ba 101 $aita 102 $aIT 105 $a|||| ||||| 200 1 $aˆI ‰vincoli del disinganno$eper una nuova interpretazione di Montaigne$fNicola Panichi - Firenze$eLeo S. Olschki, 2004 - XXXIII, 466 p. ; 24 cm. 410 1$1001UON00280479$12001 $a: Studi$fAccademia Toscana di Scienze e Lettere "La Colombaria"$v223 606 $aMontaigne, Michel De$3UONC040323$2FI 620 $aIT$dFirenze$3UONL000052 676 $a194$cFilosofia occidentale moderna. Francia$v21 700 1$aPANICHI$bNicola$3UONV198315$0169781 712 $aOlschki$3UONV246364$4650 801 $aIT$bSOL$c20250606$gRICA 899 $aSIBA - SISTEMA BIBLIOTECARIO DI ATENEO$2UONSI 912 $aUON00383372 950 $aSIBA - SISTEMA BIBLIOTECARIO DI ATENEO$dSI FS 2.0 0501 $eSI FP 21705 5 0501 $sBuono 996 $aVincoli del disinganno$9742647 997 $aUNIOR